Kiss Albums - Statistics

General Stats
  • This quiz has been taken 96 times
    20 since last reset
  • The average score is 25 of 50
Answer Stats
Hint Answer % Correct
1980 Unmasked
94%
1976 Destroyer
88%
1975 Dressed To Kill
88%
1979 Dynasty
88%
1974 Kiss
88%
1978 Ace Frehley
82%
1975 Alive
82%
1977 Alive II
82%
1993 Alive III
82%
1987 Crazy Nights
82%
1978 Gene Simmons
82%
1974 Hotter Than Hell
82%
1983 Lick It Up
82%
1978 Paul Stanley
82%
1978 Peter Criss
82%
1984 Animalize
76%
1982 Creatures Of The Night
76%
1989 Hot In The Shade
76%
1977 Love Gun
76%
1992 Revenge
76%
1976 Rock And Roll Over
76%
2009 Sonic Boom
76%
1985 Asylum
71%
1998 Psycho Circus
71%
2012 Monster
65%
1997 Carnival Of Souls
59%
1981 Music From The Elder
59%
1978 Double Platinum
53%
1996 Unplugged
53%
1982 Killers
47%
1988 Smashes, Thrashes & Hits
35%
1999 Greatest Hits
29%
1996 You Wanted the Best, You Got the Best!!
29%
2006 Alive The Millennium Concert
12%
1997 Greatest Kiss
12%
2003 Symphony Alive IV
12%
2002 The Very Best Of Kiss
12%
1979 Best Of The Solo Albums
6%
2005 Gold
6%
2010 Icon
6%
2014 Kiss 40
6%
2017 Kissworld
6%
1988 Chikara
0%
1990 First Kiss Last Licks
0%
1982 Hotter Than Metal
0%
2008 Jigoku-Retsuden
0%
1978 Lo Mejor De Kiss
0%
2016 Rocks Vegas
0%
2010 Sonic Boom Over Europe
0%
1985 The Singles
0%
No matching quizzes found
Score Distribution
Percent of People with Each Score
Percentile by Number Answered
Your Score History
You have not taken this quiz since the last reset